| 000 | 00524nam a22001817a 4500 | ||
|---|---|---|---|
| 005 | 20251108171246.0 | ||
| 008 | 250721s1987 xx 000 0 ara d | ||
| 082 | 1 | 4 | _a371.2/أوج |
| 100 | 1 | _aمدانات، أوجيني | |
| 245 | 1 | 0 | _aالإشراف التربوي التعليمي / |
| 264 | 1 |
_aعمان : _bدار مجدلاوي للنشر، _c1987. |
|
| 300 | _a252ص | ||
| 650 | 1 | 7 | _aالتدريس |
| 650 | 1 | 7 | _aإدارة المدارس |
| 700 | 1 | _aكمال، برزة | |
| 942 |
_2ddc _cBK |
||
| 999 |
_c60668 _d60668 |
||